The China Greentech Report 2012 (Record no. 114402)

MARC details
000 -LEADER
fixed length control field 01230cad a22002175a 4500
001 - CONTROL NUMBER
control field L156760
008 - FIXED-LENGTH DATA ELEMENTS--GENERAL INFORMATION
fixed length control field 120710s2012 xxk f 000 0 eng d
035 ## - SYSTEM CONTROL NUMBER
System control number (Sirsi) u156760
041 0# - LANGUAGE CODE
Language code of text/sound track or separate title eng
110 2# - MAIN ENTRY--CORPORATE NAME
Corporate name or jurisdiction name as entry element China Greentech Initiative
9 (RLIN) 6092
245 04 - TITLE STATEMENT
Title The China Greentech Report 2012
Remainder of title faced with challenges China accelerates Greentech growth
Medium [electronic resource]
260 ## - PUBLICATION, DISTRIBUTION, ETC.
Place of publication, distribution, etc. Beijing
Name of publisher, distributor, etc. China Greentech initiative
Date of publication, distribution, etc. 2012
520 ## - SUMMARY, ETC.
Summary, etc. The greentech sector is composed of technological applications which are environmentally friendly due to their construction or purpose. This is the third annual update of recent developments in the greentech sector in China. Analyses four key factors that characterise the challenges and opportunities in China's greentech markets, including how China and global economic forces have impacted greentech growth and how public awareness of urgent environmental problems is growing.
590 ## - LOCAL NOTE (RLIN)
Local note KA NTK
651 #4 - SUBJECT ADDED ENTRY--GEOGRAPHIC NAME
Geographic name China
690 ## - LOCAL SUBJECT ADDED ENTRY--TOPICAL TERM (OCLC, RLIN)
Topical term or geographic name as entry element Sustainability
9 (RLIN) 6271
690 ## - LOCAL SUBJECT ADDED ENTRY--TOPICAL TERM (OCLC, RLIN)
Topical term or geographic name as entry element Environment
9 (RLIN) 6238
690 ## - LOCAL SUBJECT ADDED ENTRY--TOPICAL TERM (OCLC, RLIN)
Topical term or geographic name as entry element Renewables
9 (RLIN) 6265
856 40 - ELECTRONIC LOCATION AND ACCESS
Uniform Resource Identifier <a href="https://www.pwccn.com/webmedia/doc/634726935826046396_cn_greentech_report_may2012.pdf">https://www.pwccn.com/webmedia/doc/634726935826046396_cn_greentech_report_may2012.pdf</a>
Public note View the item free of charge at www.pwccn.com
942 ## - ADDED ENTRY ELEMENTS (KOHA)
Suppress in OPAC 0
Holdings
Withdrawn status Lost status Source of classification or shelving scheme Damaged status Not for loan Home library Current library Shelving location Date acquired Total Checkouts Full call number Barcode Date last seen Copy number Price effective from Koha item type
    Dewey Decimal Classification     Virtual Virtual Online 10/07/2012   ONLINE PUBLICATION 156760-2001 06/08/2019 1 06/08/2019 Book